000 01049cam a22003377a 4500
003 CHAP
005 20220329133530.0
008 971013s1998 ma a r 00010 eng d
010 _a7488
011 _a8460
020 _a0878932747
035 _a7689
040 _cCHAP
082 0 4 _a577
_bG6 1998
100 0 0 _aGotelli, Nicholas J.
_950081
245 1 0 _aA primer of ecology
_c/by Nicholas J. Gotelli
250 _a2 ed.
260 _aSunderland, Mass. :
_bSinauer Associates,
_c1998
300 _a236 p. ;
_bgráfs.
590 _aBATCH-UPD
_b10
_c20130110
_lUCH01
_h0243
590 _aBATCH-UPD
_b10
_c20130110
_lUCH01
_h1714
590 _aBATCH-UPD
_b10
_c20130409
_lUCH01
_h2312
590 _aBATCH-UPD
_b10
_c20130914
_lUCH01
_h1056
590 _aCONVERSION
_b10
_c20130109
_lUCH01
_h1305
650 1 4 _aCrecimiento de la población.
_928873
650 1 4 _aEcología
_xModelos matemáticos.
_935156
901 _aBK
905 _aAlejandra Carrasco M.
942 _cLIBRO
949 _a577 G6 1998
_bBC
_cLIBRO
_d33724000862355
_eLIBRO
_h102233
_i7689
_si
999 _c7488
_d7488